Kaikki Suomen IFK-seurat - Statistics

Yleistilastot
  • Tätä visaa on pelattu 38 kertaa
  • Keskiarvotulos 6 / 11
Vastaustilastot
Aktiivisena Maakunta Joukkue % Oikein
1897 - Uusimaa Helsingfors IFK
100%
1919 - Ahvenanmaa IFK Mariehamn
77%
1900 - Pohjanmaa Vasa IFK
69%
1908 - Varsinais-Suomi Åbo IFK
66%
1925 - Uusimaa Grankulla IFK
57%
1919 - 2017 Satakunta IFK Björneborg
49%
1897 - 1900-luku, 2003 - Pohjois-Pohjanmaa IFK Uleåborg
49%
2007 - 2018 Pohjanmaa IFK Jakobstad
46%
1998 - Etelä-Karjala IFK Willmanstrand
43%
1896 - 1940 Karjala Viborg IFK
37%
1974 - Pohjanmaa IFK Lepplax
9%
Ehtoja vastaavia visoja ei löytynyt
Tulosjakauma
Jokaisen tuloksen saaneiden osuus
Persentiili vastausten määrän mukaan
Tuloshistoriasi
Et ole pelannut tätä visaa